000 00717nam a22002177a 4500
003 UA-OsUOA
001 135632
007 ta
008 20190208b un ||||| |||| 00| 0 ukr d
090 _a82.09(477)
_bС72
942 _cBK
040 _aUA-OsUOA
_bukr
_cUA-OsUOA
_dUA-OsUOA
245 _aСпівець знедоленого селянства
_bвідзначення сторіччя з дня народження Василя Стефаника
_cупор. Ф. Погребенник
300 _a200 с.
955 _a2
041 _aukr
080 _a82.09(477)
260 _aК.
_bДніпро
_c1974
650 7 _a82 Література. Літературознавство
_2UDC
999 _c421966
_d421966